Movies Quiz

Random Movies or Letter Quiz

4-Letter Movies Quiz Stats

 Plays Quiz Updated Jan 13, 2021

Support Sporcle.
Go Orange.
Score 0/40 Timer 08:00
0 Plays Today
Year Movie % Correct
2011Thor
62.1%
2007Juno
56.4%
2012Argo
54.1%
2008Milk
52.9%
2015Room
42.4%
2006Cars
41.8%
1997Bean
41.2%
2010Salt
40%
2008Bolt
37%
1975Jaws
35.5%
2003Hulk
34%
1995Heat
31.4%
1993Rudy
29.6%
2019Cats
29.1%
1998Antz
28.6%
1996Jack
28.3%
2004Troy
28.2%
1985Mask
25.4%
1991Hook
23.8%
2013Rush
23%
Year Movie % Correct
1980Fame
22.3%
1996Fear
19.7%
2017Coco
19%
2005Rent
18.8%
2001Blow
18.1%
1981Reds
17.8%
1993Dave
17.4%
1994Nell
16.5%
2009Push
16.1%
2002Hero
15.9%
1992Toys
12.9%
1982TRON
12.6%
1984Dune
11.8%
1994Wolf
10.8%
1948Rope
9.5%
1999Life
9.4%
1995Babe
9.2%
1996Emma
8.7%
1979Hair
8.4%
1985Clue
6.7%

You're not logged in!

Compare scores with friends on all Sporcle quizzes.
OR
Log In
Forgot?

From the Vault

Disney Opening Lines

by MagsYoLove

Movies 8m
Disney sure has employed a lot of narrators over the years.
Remove Ads.
Support Sporcle.
Get the best of Sporcle when you Go Orange. This ad-free experience offers more features, more stats, and more fun while also helping to support Sporcle. Thank you for becoming a member.

Show Comments

Extras

Top Quizzes Today


Score Distribution

Your Account Isn't Verified!

In order to create a playlist on Sporcle, you need to verify the email address you used during registration. Go to your Sporcle Settings to finish the process.

Report this User

Report this user for behavior that violates our Community Guidelines.

Details: